Prognóza délky a organizace pracovní doby do roku 2010 Zpráva o výsledcích výzkumu za rok 1989. Koncepce vývoje a efektivního využívaní pracovní doby. DÚ 904 202.04

Gespeichert in:
Bibliographische Detailangaben
1. Verfasser: Horálek, Milan
Format: Buch
Sprache:Slowakisch
Veröffentlicht: Bratislava Výskumný ústav sociálneho rozvoja a práce 1990
Schriftenreihe:Výskumné práce 9/1990
Tags: Tag hinzufügen
Keine Tags, Fügen Sie das erste Tag hinzu!

MARC

LEADER 00000nam a2200000 4500
001 c031310
005 20251217121826.4
041 0 |a slo 
044 |a SK 
245 1 0 |a Prognóza délky a organizace pracovní doby do roku 2010  |b Zpráva o výsledcích výzkumu za rok 1989. Koncepce vývoje a efektivního využívaní pracovní doby. DÚ 904 202.04  |c Milan Horálek 
264 1 |a Bratislava  |b Výskumný ústav sociálneho rozvoja a práce  |c 1990 
300 |a 45 s. 
490 1 |a Výskumné práce  |v 9/1990 
830 0 |a Výskumné práce  |v 9/1990 
100 1 |a Horálek, Milan